| 000 | 00000nim##2200000za#4500 |
| 001 | 9.648907 |
| 003 | CaOODSP |
| 005 | 20200401065041 |
| 007 | ss |||j||||||| |
| 008 | 150407|2002||||xxcnnn||q|||||||| n eng|d |
| 040 | |aCaOODSP|beng |
| 043 | |an-cn--- |
| 086 | 1 |aCH37-4/3-2002E-A |
| 110 | 1 |aCanada.|bCanadian Heritage. |bHuman Rights Directorate. |
| 245 | 14|aThe Canadian Charter of Rights and Freedoms |h[sound recording] |
| 260 | |aOttawa - Ontario : |bCanadian Heritage. |c2002. |
| 300 | |a1 audiocassette. |
| 590 | |a03-19|b2003-05-09 |
| 690 | 07|aCharter of rights and freedoms|2gcpds |
| 690 | 07|aCivil rights|2gcpds |
| 775 | 08|tLa Charte canadienne des droits et libertés |w(CaOODSP)9.682159 |
| 776 | 0#|tThe Canadian Charter of Rights and Freedoms |w(CaOODSP)9.648908 |
| 776 | 0#|tCanadian Charter of Rights and Freedoms |w(CaOODSP)9.664647 |
| 776 | 0#|tCharte canadienne des droits et libertés |w(CaOODSP)9.664648 |
| 776 | 0#|tCanadian Charter of Rights and Freedoms |w(CaOODSP)9.664649 |
| 776 | 0#|tCanadian Charter of Rights and Freedoms |w(CaOODSP)9.664683 |
| 776 | 0#|tCharte canadienne des droits et libertés |w(CaOODSP)9.664684 |
| 776 | 0#|tThe Canadian Charter of Rights and Freedoms |w(CaOODSP)9.686502 |
| 776 | 0#|tCharte canadienne des droits et libertés |w(CaOODSP)9.664650 |